Zufällige Wörter im Namen der Hauptstädte - Statistiken

Allgemein
  • Dieses Quiz wurde 194 mal gespielt
  • Das Durchschnittsergebnis liegt bei 7 aus 15
Antwortstatistiken
Wort Land % Korrekt
Holm Stockholm
97%
Stock Stockholm
90%
Video Montevideo
89%
Kap Kapstadt
85%
Pest Budapest
82%
Tun Tunis
81%
Jak Jakarta
78%
bei Beirut
74%
Wind Windhoek
74%
nass Nassau
72%
Olm Stockholm
71%
Neu Neu-Delhi
69%
Trip Tripolis
68%
Rest Bukarest
65%
Lump Kuala Lumpur
60%
Grad Belgrad
59%
Kai Kairo
59%
Schau Warschau
57%
Gier Algier
50%
Sultan Nur-Sultan
44%
Burg Luxemburg
43%
Kart Jakarta
42%
Rose Roseau
39%
Lama Islamabad
38%
Bass Basseterre
36%
Rad Belgrad
35%
nur Nur-Sultan
35%
Band Bandar Seri Begawan
33%
Rat Bratislava
33%
bis Bissau
30%
Ehe Teheran
26%
hart Khartum
22%
Bad Islamabad
21%
Ren Yaren
14%
Schi Dschibuti
11%
amen N'Djamena
9%
Pol Tripolis
8%
Bor Gaborone
6%
Und Jaunde
5%
Keine übereinstimmenden Quizze gefunden
Verteilung der Resultate
Anzahl Personen mit jedem Resultat
Perzentil nach korrekt beantworteten Fragen
Ihre Resultats-Entwicklung
Sie haben dieses Quiz noch nicht gespielt